World War 2 Timeline Blanks - Statistics

General Stats
  • This quiz has been taken 61 times
  • The average score is 42 of 71
Answer Stats
Year Statements % Correct
1919 The Treaty of {Versailles} is signed. Many Germans were furious with the outcome.
93%
{France} declares war on Germany.
90%
1933 {Hitler} is elected Chancellor of Germany.
90%
1940 Nazi Germany invades Denmark, which lasted six {hours}.
88%
{Poland} is invaded by Nazi Germany and the Soviet Union.
88%
1937 Japan 'rapes' the Chinese city of {Nanking}.
83%
1929 The {Great Depression} starts after the Wall Street Crash.
83%
... by the {Nazi} Party.
81%
1918 {Austria-Hungary} is dissolved.
79%
1922 Benito Mussolini organizes the March on {Rome}.
79%
{Pearl Harbor} is attacked by the Japanese, leading to the United States entering into the war.
79%
The {United Kingdom} declares war on Germany.
79%
The cities of {Hiroshima}
76%
The {Auschwitz} Concentration Camp was built.
74%
... and {Nagasaki} are nuked.
71%
Japan announces it surrender on the 15th of {August}.
71%
... In response, Free France is established and is led by Charles {de Gaulle}.
69%
... in the French region of {Normandy}.
69%
1931 Japan invades the {Manchuria} province of China.
69%
Nazi Germany's leader commits suicide via {gunshot} in his bunker.
69%
The British Prime Minister, {Neville Chamberlain}, agrees to give parts of Czechoslovakia to Nazi Germany.
69%
A failed coup in the German city of {Munich} is staged
67%
... and the British {Royal Air Force}.
67%
1939 Nazi Germany and Italy form the Pact of {Steel}.
67%
1942 The Battle of {Midway} is fought, turning the tide of the Pacific Theatre.
67%
1920 The {League of Nations} is established, although it is seen as a failure later on.
67%
The {Manhattan Project} starts, developing the nuclear bomb.
67%
V-E Day is celebrated on the 8th of {May}.
67%
1943 {Italy}, a major axis power, switches sides.
64%
... The battle is fought between the German {Luftwaffe}
64%
The Soviet city of {Leningrad} is besieged.
64%
1936 The {Spanish} Civil War Starts.
64%
Allied troops are evacuated from the French city of {Dunkirk}.
62%
The {Enigma} Code is cracked in Bletchley Park.
62%
... and {Germany} were occupied by allied forces.
60%
1944 {D-Day} begins.
60%
... {Omaha},
60%
... {Romania}
60%
The American flag is raised on the island of {Iwo Jima}.
60%
The Battle of {Britain} begins, which is fought in the air.
60%
The Treaty of Sevres dissolves the {Ottoman Empire}.
60%
1938 Austria is annexed by Nazi Germany, also known as the {Anschluss}.
57%
General {Eisenhower} would become Supreme Allied Commander of Operation Overlord.
57%
1945 In Europe, the countries of {Austria}
57%
The Battle of the {Bulge} begins as the final German offensive.
57%
1941 ... and {Bulgaria} joined the Axis.
55%
... However, Hitler decided to attack the less fortified {Low} Countries to get around French defenses.
55%
The Battle of {Berlin} starts. It is fought between the Soviets and the Germans, eventually leading to German surrender.
55%
The countries of {Hungary},
55%
The Italian invasion of {Greece} begins, although it ends in disaster for Italy.
55%
Initially, a line of defenses (the {Maginot Line}) prevented Hitler from attacking France.
52%
The client state of {Vichy France} was established.
52%
... {Juno},
50%
1945 The {Yalta} Conference starts.
50%
The battle of {Okinawa} starts. It was the last major battle of the Pacific Theatre.
45%
Operation {Barbarossa} begins.
40%
... The beaches of {Gold},
40%
The {Potsdam} Conference starts.
38%
The {Soviet Union} is established.
38%
... {Sword},
36%
The {Tehran} Conference starts.
36%
Italy, Japan and Nazi Germany create the {Tripartite} Pact.
33%
Operation {Torch} commences, leading to an allied invasion of North Africa.
33%
1923 The {Ruhr} is occupied by Belgian and French troops.
33%
... and {Utah} are confirmed as landing sites.
31%
{Iran} is invaded by the Allies to ensure safety of Allied supply lines.
26%
The {Guadalcanal} campaign begins in the Solomon Islands.
24%
1947 The {Paris} Peace Treaties were signed.
24%
The Republic of {Turkey} is established after the end of a civil war.
24%
The Battle of {Leyte} Gulf starts, ending in disaster for the Japanese.
21%
1935 The {Abyssinia} Crisis starts between {Abyssinia} and Italy.
17%
No matching quizzes found
Score Distribution
Percent of People with Each Score
Percentile by Number Answered
Your Score History
You have not taken this quiz